| 000 | 00804nam a2200229Ia 4500 | ||
|---|---|---|---|
| 001 | 10103 | ||
| 003 | GE_BSU | ||
| 008 | 181216s||||||||xx |||||||||||||| ||und|| | ||
| 040 | _cGE_BSU | ||
| 080 | _a821.353.1 | ||
| 100 | _aსულიაშვილი,დავით | ||
| 245 | _aთხზულებანი სამ ტომად. ტ.1 | ||
| 245 | _bმოთხრობები | ||
| 245 | _cწინასიტყვ. და რედ.ო.ნოდია.მხატვ.ლ.ცუცქირიძე | ||
| 260 | _aთბილისი | ||
| 260 | _bმერანი | ||
| 260 | _c1973 | ||
| 300 | _a493გვ.1ფ.პორტრ.21სმ. | ||
| 653 | _aთხზულებანი სამ ტომად | ||
| 653 | _aმოთხრობები | ||
| 942 | _cBK | ||
| 999 |
_c43375 _d43375 |
||